Statistics for States that border the state of Missouri

Click here to take the quiz!

General Stats

  • This quiz has been taken 80 times
    (65 since last reset)
  • The average score is 7 of 8

Answer Stats

HintAnswer% Correct
2Illinois
100%
5Kentucky
98%
3Iowa
93%
7Oklahoma
93%
8Tennessee
93%
4Kansas
91%
6Nebraska
91%
1Arkansas
86%

Score Distribution

Percentile by Number Answered

Percent of People with Each Score

Your Score History

You have not taken this quiz since the last reset